Photographs | Jan Groover/ (Record no. 2894)

MARC details
000 -LEADER
campo de control de longitud fija 00800nam a22002417a 4500
003 - IDENTIFICADOR DE NÚMERO DE CONTROL
campo de control OSt
005 - FECHA Y HORA DE LA ÚLTIMA TRANSACCIÓN
campo de control 20230125164130.0
008 - DATOS DE LONGITUD FIJA--INFORMACIÓN GENERAL
campo de control de longitud fija 160111b xxu||||| |||| 00| 0 eng d
020 ## - NÚMERO INTERNACIONAL ESTÁNDAR DEL LIBRO
Número Internacional Estándar del Libro 0 934032 07 6
040 ## - FUENTE DE CATALOGACIÓN
Centro/agencia transcriptor Lado V
082 ## - NÚMERO DE LA CLASIFICACIÓN DECIMAL DEWEY
Número de clasificación 779.946
Número de ítem G876p
100 ## - ENTRADA PRINCIPAL--NOMBRE DE PERSONA
Nombre de persona Groover, Jan
9 (RLIN) 625
Término indicativo de función/relación autor
245 ## - MENCIÓN DEL TÍTULO
Título Photographs | Jan Groover/
260 ## - PUBLICACIÓN, DISTRIBUCIÓN, ETC.
Lugar de publicación, distribución, etc. New York
Nombre del editor, distribuidor, etc. Neuberger Museum
Fecha de publicación, distribución, etc. 1983
300 ## - DESCRIPCIÓN FÍSICA
Extensión 110p.
Otras características físicas il. (col.)
Dimensiones 28x25cm.
500 ## - NOTA GENERAL
Nota general Notas en español, inglés y alemán
600 ## - PUNTO DE ACCESO ADICIONAL DE MATERIA--NOMBRE DE PERSONA
Nombre de persona Emde, Thomas, 1959 --
Subdivisión general Exhibiciones
9 (RLIN) 4352
650 ## - PUNTO DE ACCESO ADICIONAL DE MATERIA--TÉRMINO DE MATERIA
Término de materia o nombre geográfico como elemento de entrada FOTOGRAFIA
Fuente del encabezamiento o término Tesauro de Arte & Arquitectura
650 ## - PUNTO DE ACCESO ADICIONAL DE MATERIA--TÉRMINO DE MATERIA
Término de materia o nombre geográfico como elemento de entrada ARTE
Fuente del encabezamiento o término Tesauro de Arte & Arquitectura
700 ## - ENTRADA AGREGADA--NOMBRE PERSONAL
Nombre de persona Stempel, Karin [Curadora]
9 (RLIN) 4357
700 ## - ENTRADA AGREGADA--NOMBRE PERSONAL
Nombre de persona Nobis, Norbert [Curadora]
9 (RLIN) 4358
942 ## - ELEMENTOS DE ENTRADA SECUNDARIOS (KOHA)
Fuente del sistema de clasificación o colocación Clasificación Decimal Dewey
Tipo de ítem Koha Libros
Suprimir en OPAC No
Parte de la signatura que corresponde a la clasificación (Parte de la clasificación) 779.946
Parte de la signatura que identifica el ejemplar (Parte del ítem) G876p
Holdings
Estatus retirado Estado de pérdida Fuente del sistema de clasificación o colocación Estado de daño No para préstamo Biblioteca de origen Biblioteca actual Fecha de adquisición Número de inventario Total de préstamos Signatura topográfica completa Código de barras Visto por última vez Precio de reemplazo Tipo de ítem Koha
    Clasificación Decimal Dewey     Biblioteca LadoV Biblioteca LadoV 25/01/2023 005075   779.946 G876p 005075 25/01/2023 25/01/2023 Libros